<?xml version="1.0" encoding="UTF-8"?>
<record
    xmlns:xsi="http://www.w3.org/2001/XMLSchema-instance"
    xsi:schemaLocation="http://www.loc.gov/MARC21/slim http://www.loc.gov/standards/marcxml/schema/MARC21slim.xsd"
    xmlns="http://www.loc.gov/MARC21/slim">

  <leader>02511nam a2200289 a 4500</leader>
  <controlfield tag="003">OSt</controlfield>
  <controlfield tag="005">20260210104822.0</controlfield>
  <controlfield tag="007">cr ||||||a|c|a</controlfield>
  <controlfield tag="008">240116s2020    mx a|||fom||| 001 0 spa d</controlfield>
  <datafield tag="040" ind1=" " ind2=" ">
    <subfield code="e">rda</subfield>
  </datafield>
  <datafield tag="100" ind1="1" ind2=" ">
    <subfield code="9">188460</subfield>
    <subfield code="a">Ortiz Najera, Florentina</subfield>
  </datafield>
  <datafield tag="245" ind1="1" ind2="0">
    <subfield code="a">Identificaci&#xF3;n y control quimico del agente causal de la marchitez en jitomate (Lycopersicon esculentum Mill.) /</subfield>
    <subfield code="c">por Florentina Ortiz Najera; director de tesis Santos Gerardo Leyva Mir.</subfield>
  </datafield>
  <datafield tag="264" ind1=" " ind2="1">
    <subfield code="a">Chapingo, M&#xE9;xico :</subfield>
    <subfield code="b">El autor,</subfield>
    <subfield code="c">2020.</subfield>
  </datafield>
  <datafield tag="300" ind1=" " ind2=" ">
    <subfield code="a">1 recurso en l&#xED;nea (48 p&#xE1;ginas):</subfield>
    <subfield code="b">cuadros, figuras.</subfield>
  </datafield>
  <datafield tag="336" ind1=" " ind2=" ">
    <subfield code="2">rdacontent</subfield>
    <subfield code="a">texto</subfield>
    <subfield code="b">txt</subfield>
  </datafield>
  <datafield tag="337" ind1=" " ind2=" ">
    <subfield code="2">rdamedia</subfield>
    <subfield code="a">computadora</subfield>
    <subfield code="b">c</subfield>
  </datafield>
  <datafield tag="338" ind1=" " ind2=" ">
    <subfield code="2">rdacarrier</subfield>
    <subfield code="a">recurso en l&#xED;nea</subfield>
    <subfield code="b">cr</subfield>
  </datafield>
  <datafield tag="502" ind1=" " ind2=" ">
    <subfield code="b">IAEPA</subfield>
    <subfield code="c">Parasitolog&#xED;a</subfield>
    <subfield code="d">2020.</subfield>
    <subfield code="g">LIC</subfield>
  </datafield>
  <datafield tag="504" ind1=" " ind2=" ">
    <subfield code="a">Incluye referencias bibliogr&#xE1;ficas: p&#xE1;ginas 12-13.33.</subfield>
  </datafield>
  <datafield tag="520" ind1=" " ind2=" ">
    <subfield code="a">El objetivo de este trabajo fue realizar la correcta purificaci&#xF3;n del agente causal de la marchitez en jitomate y evaluar fungicidas para un manejo adecuado y favorable en el control de la marchitez del jitomate causado por Fusarium sp. El material colectado en el campo experimental San Martin, Chapingo, Estado de M&#xE9;xico se llev&#xF3; al laboratorio de fitopatolog&#xED;a del departamento de Parasitolog&#xED;a Agr&#xED;cola para realizar el aislamiento del hongo y llevando todos los cuidados necesarios y asepsia en lugar de trabajo. Para la evaluaci&#xF3;n de los fungicidas lo primero que se hizo fue la inoculaci&#xF3;n de las pl&#xE1;ntulas de jitomate con 1𝑥106 microconidios/ml de Fusarium oxysporum f. sp. lycopersici, luego mediante la inmersi&#xF3;n de la ra&#xED;z de las pl&#xE1;ntulas de jitomate en los diferentes fungicidas (Benomilo, Captan, Clorotalonil, Tiabendazol, Bacillus subtilis), y se tomaron como testigos un tratamiento con solo agua y otro con solo el hongo Fusarium oxysporum f. sp. lycopersici. Los datos obtenidos dela variable analizada (tama&#xF1;o de ra&#xED;z de las pl&#xE1;ntulas) se sometieron a un an&#xE1;lisis de varianza y prueba Tukey (p&#x2264;0.05). Con la realizaci&#xF3;n de PCR se pudo corroborar que el hongo aislado y purificado de los s&#xED;ntomas colectados se trataba de Fusarium oxysporum f. sp. lycopersici.</subfield>
  </datafield>
  <datafield tag="650" ind1=" " ind2="4">
    <subfield code="9">71288</subfield>
    <subfield code="a">Marchitez del tomate</subfield>
  </datafield>
  <datafield tag="650" ind1=" " ind2="4">
    <subfield code="9">44045</subfield>
    <subfield code="a">Fungicidas</subfield>
    <subfield code="x">An&#xE1;lisis</subfield>
  </datafield>
  <datafield tag="650" ind1=" " ind2="4">
    <subfield code="9">113713</subfield>
    <subfield code="a">Tomate</subfield>
    <subfield code="x">Enfermedades por hongos</subfield>
  </datafield>
  <datafield tag="700" ind1="1" ind2=" ">
    <subfield code="a">Leyva Mir, Santos Gerardo</subfield>
    <subfield code="e">Director de tesis.</subfield>
    <subfield code="9">66581</subfield>
  </datafield>
  <datafield tag="856" ind1=" " ind2=" ">
    <subfield code="u">http://10.13.5.2/tesis/tl/Ortiz_Najera_Florentina.pdf</subfield>
    <subfield code="z">DESCARGAR PDF</subfield>
  </datafield>
  <datafield tag="942" ind1=" " ind2=" ">
    <subfield code="2">Clasificaci&#xF3;n Universidad Aut&#xF3;noma Chapingo</subfield>
  </datafield>
  <datafield tag="999" ind1=" " ind2=" ">
    <subfield code="c">219527</subfield>
    <subfield code="d">219527</subfield>
  </datafield>
  <datafield tag="952" ind1=" " ind2=" ">
    <subfield code="0">0</subfield>
    <subfield code="1">0</subfield>
    <subfield code="2">local</subfield>
    <subfield code="4">0</subfield>
    <subfield code="5">1</subfield>
    <subfield code="7">0</subfield>
    <subfield code="8">TesDigL</subfield>
    <subfield code="a">BD</subfield>
    <subfield code="b">BD</subfield>
    <subfield code="c">E_L</subfield>
    <subfield code="d">2024-01-16</subfield>
    <subfield code="l">0</subfield>
    <subfield code="o">Tesis digital</subfield>
    <subfield code="r">2024-01-16 00:00:00</subfield>
    <subfield code="w">2024-01-16</subfield>
    <subfield code="y">TD</subfield>
  </datafield>
</record>
